Catálogo

Transición de la educación superior contemporánea en México : (Registro nro. 41723)

Detalles MARC
000 -LEADER
fixed length control field 01348cam a2200349 i 4500
001 - CONTROL NUMBER
control field 41723
003 - CONTROL NUMBER IDENTIFIER
control field Mx-PuUPA
005 - DATE AND TIME OF LATEST TRANSACTION
control field 20250320102930.0
008 - FIXED-LENGTH DATA ELEMENTS--GENERAL INFORMATION
fixed length control field 140415s2002 mx gr 000 0 spa d
020 ## - INTERNATIONAL STANDARD BOOK NUMBER
International Standard Book Number 9707012102
040 ## - CATALOGING SOURCE
Transcribing agency Mx-PuUPA
Original cataloging agency Mx-PuUPA
Language of cataloging spa
Modifying agency Mx-PuUPA
Description conventions rda
041 0# - LANGUAGE CODE
Language code of text/sound track or separate title spa
043 ## - GEOGRAPHIC AREA CODE
Geographic area code n-mx---
100 1# - MAIN ENTRY--PERSONAL NAME
Personal name Mendoza Rojas, Javier,
9 (RLIN) 16889
Relator term autor
245 10 - TITLE STATEMENT
Title Transición de la educación superior contemporánea en México :
Remainder of title de la planeación al estado evaluador /
Statement of responsibility, etc. Javier Mendoza Rojas
250 ## - EDITION STATEMENT
Edition statement Primera edición
264 #1 - PRODUCTION, PUBLICATION, DISTRIBUTION, MANUFACTURE, AND COPYRIGHT NOTICE
Place of production, publication, distribution, manufacture México, D.F. :
Name of producer, publisher, distributor, manufacturer Centro de Estudios sobre la Universidad, UNAM ;
-- Miguel Ángel Porrúa, librero-editor,
Date of production, publication, distribution, manufacture, or copyright notice 2002
300 ## - PHYSICAL DESCRIPTION
Extent 374 páginas ;
Dimensions 21 cm.
336 ## - CONTENT TYPE
Fuente rdacontent
Content type term texto
Content type code txt
337 ## - MEDIA TYPE
Source rdamedia
Media type term sin medio
Media type code n
338 ## - CARRIER TYPE
Source rdacarrier
Carrier type term volumen
Carrier type code nc
490 0# - SERIES STATEMENT
Series statement Colección Problemas educativos de México
502 ## - DISSERTATION NOTE
Dissertation note
650 #7 - SUBJECT ADDED ENTRY--TOPICAL TERM
Source of heading or term armarc
Topical term or geographic name entry element Educación superior y Estado
Geographic subdivision México
650 #7 - SUBJECT ADDED ENTRY--TOPICAL TERM
Source of heading or term armarc
Topical term or geographic name entry element Universidades y colegios
Geographic subdivision México
General subdivision Planificación
650 #7 - SUBJECT ADDED ENTRY--TOPICAL TERM
Source of heading or term armarc
Topical term or geographic name entry element Educación superior
General subdivision Evaluación
Geographic subdivision México
650 #7 - SUBJECT ADDED ENTRY--TOPICAL TERM
Source of heading or term armarc
Topical term or geographic name entry element Educación superior
Geographic subdivision México
Chronological subdivision Siglo XX
942 ## - ADDED ENTRY ELEMENTS (KOHA)
Source of classification or shelving scheme Dewey Decimal Classification
Koha item type Libro
Suppress in OPAC
Classification part 379.72
Item part M53
Existencias
Withdrawn status Lost status Source of classification or shelving scheme Damaged status Not for loan Collection code Home library Current library Shelving location Date acquired Source of acquisition Total Checkouts Full call number Barcode Date last seen Price effective from Koha item type
    Dewey Decimal Classification     General Biblioteca Karol Wojtyla Biblioteca Karol Wojtyla Sala general 03/12/2013 Donación   379.72 M53 2002 62927 05/01/2026 03/12/2013 Libro